Conversations with George Moore /

Bibliographic Details
Main Author: Moore, George, 1852-1933
Other Authors: Goodwin, Geraint
Format: Book
Language:English
Published: New York : A.A. Knopf, 1930.

MARC

Tag First Indicator Second Indicator Subfields
LEADER 00000cam a2200000 4500
001 in00000712404
005 20151016060111.0
008 760207s1930 nyu 00010 eng
010 |a  30015190  
035 |a (OCoLC)01973452 
035 |9 ADC9083AM 
040 |a DLC  |c IXA  |d TXA  |d UtOrBLW 
049 |a TXAM  |c [336717] 
050 0 0 |a PR5042  |b .C66 1930 
092 |a 828  |b M8221c 
100 1 |a Moore, George,  |d 1852-1933. 
245 1 0 |a Conversations with George Moore /  |c [Interviewed by] Geraint Goodwin. 
264 1 |a New York :  |b A.A. Knopf,  |c 1930. 
300 |a 175 pages 
336 |a text  |b txt  |2 rdacontent 
337 |a unmediated  |b n  |2 rdamedia 
338 |a volume  |b nc  |2 rdacarrier 
700 1 |a Goodwin, Geraint. 
999 |a MARS 
999 f f |s 184d74d3-5233-3320-bca5-59578fc8ec7f  |i 7feebf3b-b808-37ee-b867-c71cae2c43c1  |t 0 
952 f f |p ric  |a Texas A&M University  |b Rellis Campus  |c Joint Library Facility  |d Remote Storage  |t 0  |e PR5042 .C66 1930  |h Library of Congress classification  |i unmediated -- volume  |m A14801346333 
998 f f |a PR5042 .C66 1930  |t 0  |l Remote Storage